| 000 | 00890nam a2200289 i 4500 | ||
|---|---|---|---|
| 003 | EG-GICUC | ||
| 005 | 20260128141008.0 | ||
| 008 | 260128s1926 fr ||||fr ||| 00| 0 fre d | ||
| 040 |
_aEG-GICUC _cEG-GICUC _dEG-GICUC _erda _bfre |
||
| 041 | 0 | _afre | |
| 082 | 0 | 4 |
_221 _a341.81 _bCA . N |
| 092 | 0 | 4 | _221 |
| 099 | _aLaw1 12 341.81 CA . N 1926 | ||
| 100 | 1 |
_aCalbairac,Gaston _eAuteur |
|
| 245 | 1 | 2 |
_aLa Nationalité De La Femme Mariee / _cGaston Calbairac . |
| 264 | 0 |
_aParis : _bSociete Anonyme Du Recueil Sirey , _c1926 . |
|
| 300 |
_a344 Pages ; _c30 cm. |
||
| 336 |
_atext _2rda content |
||
| 337 |
_aComputer _2rda media |
||
| 338 |
_aOnline Resource _2rda carrier |
||
| 546 | _aTexte en français | ||
| 650 | 0 | 4 | _aDroit international privé |
| 650 | 0 | 4 | _aNationalité |
| 856 | _uhttps://fll.law.cu.edu.eg/fulltext/th/B12-02435.pdf | ||
| 905 | _a59 | ||
| 942 |
_2ddc _cBK _e21 _n0 |
||
| 999 |
_c59950 _d59950 |
||